<?xml version="1.0" encoding="UTF-8"?>
<record
    xmlns:xsi="http://www.w3.org/2001/XMLSchema-instance"
    xsi:schemaLocation="http://www.loc.gov/MARC21/slim http://www.loc.gov/standards/marcxml/schema/MARC21slim.xsd"
    xmlns="http://www.loc.gov/MARC21/slim">

  <leader>01963nam a22002417a 4500</leader>
  <controlfield tag="003">0</controlfield>
  <controlfield tag="005">20250103151925.0</controlfield>
  <controlfield tag="008">250103b        xxu||||| |||| 00| 0 eng d</controlfield>
  <datafield tag="020" ind1=" " ind2=" ">
    <subfield code="a">9781975210540</subfield>
  </datafield>
  <datafield tag="050" ind1=" " ind2=" ">
    <subfield code="a">RC 76</subfield>
    <subfield code="b">.B38 2024</subfield>
  </datafield>
  <datafield tag="245" ind1=" " ind2=" ">
    <subfield code="a">Bates' guide to physical examination and history taking /</subfield>
    <subfield code="c">Lynn S. Bickley, Peter G. Szilagyi, Richard M. Hoffman, Rainier P. Soriano (Editor).</subfield>
  </datafield>
  <datafield tag="250" ind1=" " ind2=" ">
    <subfield code="a">13th ed.</subfield>
  </datafield>
  <datafield tag="260" ind1=" " ind2=" ">
    <subfield code="a">Philadelphia, PA :</subfield>
    <subfield code="b">Wolters Kluwer,</subfield>
    <subfield code="c">2024.</subfield>
  </datafield>
  <datafield tag="300" ind1=" " ind2=" ">
    <subfield code="a">xxxviii, 1201 p. :</subfield>
    <subfield code="b">col. ill. ;</subfield>
    <subfield code="c">29 cm.</subfield>
  </datafield>
  <datafield tag="500" ind1=" " ind2=" ">
    <subfield code="a">International edition.</subfield>
  </datafield>
  <datafield tag="504" ind1=" " ind2=" ">
    <subfield code="a">Includes bibliographical references and index.</subfield>
  </datafield>
  <datafield tag="520" ind1=" " ind2=" ">
    <subfield code="a">For more than 40 years, Bates' Guide to Physical Examination and History Taking has been the singular authoritative source for students of medicine, nursing, and rehabilitation and others who are learning the skills of an effective, safe, and efficient patient clinical encounter. It also has been the preferred textbook of clinical skills program directors and educators in the United States.1 Since its inception by Drs. Barbara Bates and Robert Hoekelman in 1974, topics relating to the physical examination and the clinical interview have served as the core content of the textbook for teaching and learning clinical skills. The thirteenth edition marks a significant expansion of the scope of the textbook to include the remaining critical components and features of the clinical encounter and now comprises 27 chapters. As authors, we remain committed to providing you with the critical concepts and frameworks you will need to understand and retain material as you encounter abundant new evidence supporting the techniques of examination, interviewing, health promotion, and disease prevention"-- Provided by publisher</subfield>
  </datafield>
  <datafield tag="650" ind1=" " ind2=" ">
    <subfield code="a">Periodic health examination.</subfield>
  </datafield>
  <datafield tag="650" ind1=" " ind2=" ">
    <subfield code="a">Medical history taking.</subfield>
  </datafield>
  <datafield tag="650" ind1=" " ind2=" ">
    <subfield code="a">Physical Examination methods.</subfield>
  </datafield>
  <datafield tag="650" ind1=" " ind2=" ">
    <subfield code="a">Medical History Taking methods.</subfield>
  </datafield>
  <datafield tag="942" ind1=" " ind2=" ">
    <subfield code="2">lcc</subfield>
    <subfield code="c">BK</subfield>
  </datafield>
  <datafield tag="999" ind1=" " ind2=" ">
    <subfield code="c">366873</subfield>
    <subfield code="d">366873</subfield>
  </datafield>
  <datafield tag="952" ind1=" " ind2=" ">
    <subfield code="0">0</subfield>
    <subfield code="1">0</subfield>
    <subfield code="2">lcc</subfield>
    <subfield code="4">0</subfield>
    <subfield code="a">CL</subfield>
    <subfield code="b">CL</subfield>
    <subfield code="c">RES</subfield>
    <subfield code="d">2025-01-03</subfield>
    <subfield code="e">Library Fund</subfield>
    <subfield code="l">1</subfield>
    <subfield code="o">RC 76 .B38 2024</subfield>
    <subfield code="p">C24050</subfield>
    <subfield code="q">2025-07-30</subfield>
    <subfield code="r">2025-02-07 00:00:00</subfield>
    <subfield code="s">2025-02-07</subfield>
    <subfield code="w">2025-01-03</subfield>
    <subfield code="y">BK</subfield>
  </datafield>
</record>
